000 00510nam a2200181Ia 4500
005 20250326124207.0
008 250326s9999 xx 000 0 und d
037 _aTextbook
040 _aFMSL
_beng
_cFMSL
041 _aeng
_2eng
084 _aX:51 K7;9
_qFMSL
100 _aWilliams L A
_9736959
245 0 _aIndustrial marketing management and controls
_cWilliams L A
260 _aLondon
_bLondon, Longmans
_c1967
300 _a265p
942 _cTB
_hX:51 K7;9
999 _c1272681
_d1272681